แสดงรายละเอียดบรรณานุกรม
  กลับหน้าหลัก

Brief Record : Get Marc (ISO 2709) : E-mail record : QR code ปิดหน้าต่าง
E-books : เกี่ยวกับ Collections
LEADER 00000nama 2200000uu 4500
001    180971
003     ULIBM
008    040531s2539 th m m a000 0 tha d
020    974-083-193-1
041    tha
050    HM61 ส238ป 2539
100    สมชัย ใจดี
245    ประเพณี และวัฒนธรรมไทย/ สมชัย ใจดีและยรรยง ศรีวิริยาภรณ์
250    9
260    กรุงเทพฯ ไทยวัฒนาพานิช 2539
300    136 หน้า
650    ไทย ความเป็นอยู่และประเพณี วัฒนธรรมไทยยรรยง ศรีวิริยาภรณ์ชื่อเรื่อง
998    1999-02-05
999    ^aใช้งานได้ทุกระบบ
รายการนี้ยังไม่มีแท็ก
คุณยังไม่ได้ล็อกอิน คุณสามารถมีกิจกรรมร่วมกับเว็บไซต์ได้ แต่ต้องล็อกอินก่อน ::
  ล็อกอิน
ลำดับที่ ประเภท เลขเรียก สถานที่ สถานะ
1. หนังสือทั่วไป
หนังสือทั่วไป
HM61 ส238ป 2539  
  
หนังสือทั่วไป On Shelf
  ขอยืม
2. หนังสือทั่วไป
หนังสือทั่วไป
HM61 ส238ป 2539  
  
หนังสือทั่วไป On Shelf
  ขอยืม
   [แสดง 2/2 รายการ]

รายการใกล้เคียง
    ผู้แต่ง [สมชัย ใจดี]

BibComment


ยังไม่เคยถูกคอมเมนท์

คอมเมนท์ทรัพยากรรายการนี้
  คอมเมนท์: ประเพณี และวัฒนธร..
Bib 180971

 
 
 

 Union Library Management : ULibM
Copyright 2026. All Rights Reserved.
скачать бесплатно без регистрации порно красивый секс HD Sex Hindi sex

xxx gou

xxxx

bfxxx

xxxwww

Секса Видео

xxxx

Секса Видео

detube

geilexxx

C99 Shell

worms shell

blod xxx video
Ebony Coed Rihanna Rimes Takes A Dick In Her Young Twat priyaa indian fuck anal and pusssy hardcore indian women xxx desi hardcore fucking part 1 bengalixxxcouple